000 00417cam a2200181 4500
001 D3522
008 090401t1980 xxu||||| |||| 00| 0 eng d
035 _a(Sirsi) u73591
041 _aeng
050 _a333.336
110 _aEstates Times Review
_9303
245 _aIndustrial property
260 _aLondon
_bEstates Times
_c1980
300 _a90p. ill. 28cm
350 _a0
942 _n0
948 _c04/03/1997
999 _c95639
_d95639